000 00881nam a2200229Ii 4500
003 JO-AjNU
008 230605s9999||||xx |||||||||||||| ||und||
017 _a2006/7/1766
020 _a9957-411-11-X
040 _aJO-AjNU
_bara
_erda
_cJO-AjNU
041 _aara
050 1 4 _aPJ7862.A732.A17 2006
100 3 _aالاسد،ناصر الدين؛تحقيق اسماعيل محمود القيام,
_eauthor
_924079
245 0 0 _aالأمالي الأسدية لأبي بشر ناصر الدين بن محمد بن احمد بن جميل الأسد
250 _aط1
264 3 1 _aعمان: المؤسسة العربية الدولية للنشر والتوزيع، 2006
300 _a214ص
336 _atext
_btxt
_2rdacontent
337 _aunmediated
_bn
_2rdamedia
338 _avolume
_bnc
_2rdacarrier
650 4 _aالشعر العربي-العصر الجاهلي
_924080
999 _aA8811
_c12379
_d12379